Score 0/21 Timer 05:00
5 Plays Today
Hint Answer % Correct
Basil, dill, and sage are all types of what?Herb
91.6%
Which type of shark has flattened blade-like extensions on either side of its head?Hammerhead
91.3%
Which nectar-feeding, hovering birds have heart rates of anywhere from 250-1,260 beats per minute?Hummingbird
91.1%
Which fast, long-eared mammal resembles a large rabbit?Hare
90.8%
Which small, burrowing rodent with large cheek pouches is a popular caged pet?Hamster
90%
Which large, African herbivorous mammal has a name that means 'river horse' in ancient Greek?Hippopotamus
87.7%
What general name is given to a type of dog used to pull sleds in northern regions?Husky
87.4%
Which doglike African mammal are famed scavengers?Hyena
87.3%
Which large wasp is known for its painful and dangerous sting?Hornet
81.8%
Which small, nocturnal mammal with a spiny coat is able to roll itself into a ball for defense?Hedgehog
80.9%
What name is given to a domesticated pig, especially a castrated male reared for slaughter?Hog
79.2%
Hint Answer % Correct
What general term is given to any bird of prey such as a falcon?Hawk
78.9%
'Egret' is another name given to which fish, amphibian, and mollusc-eating bird?Heron
68.9%
Which species of whale has long pectoral fins and a knobbly head?Humpback
67%
What name is given to a young cow that has not borne a calf?Heifer
61.9%
Which shrub or small tree bears prominent catkins and a round, hard-shelled edible nut?Hazel
58%
Which silvery fish, abundant in coastal waters, is of widespread commercial importance?Herring
54.9%
What kind of creature is kept in an apiary?Honey bee
53.2%
Which climbing shrub with tubular flowers is often sweetly-scented?Honeysuckle
46.3%
What is an archaic word for 'stag'?Hart
35.9%
Which African hawk bends its legs and feet forwards and backwards through large angles to help it attain its prey?Harrier
15.7%

You're not logged in!

Compare scores with friends on all Sporcle quizzes.
OR
Log In

Sporcle TV

Today on Sporcle TV


Watch our educational content, quiz creation guides, and fun videos on Sporcle TV.

Show Comments

Extras

Top Quizzes Today


Score Distribution

Paid Content

Your Account Isn't Verified!

In order to create a playlist on Sporcle, you need to verify the email address you used during registration. Go to your Sporcle Settings to finish the process.

Report this User

Report this user for behavior that violates our Community Guidelines.

Details: